[Event "Regionalliga Sued-Ost 1819"]
[Site "Bayern"]
[Date "2018.11.11"]
[Round "2.3"]
[White "Szalewa, Sven"]
[Black "Wolf, Andreas"]
[Result "1-0"]
[WhiteElo "2061"]
[BlackElo "1883"]
[PlyCount "61"]
[EventDate "2018.10.21"]
[EventType "team-tourn"]
[EventRounds "9"]
[EventCountry "GER"]
[SourceTitle "EXT 2022"]
[Source "ChessBase"]
[SourceDate "2021.10.06"]
[SourceVersion "1"]
[SourceVersionDate "2021.10.06"]
[SourceQuality "1"]
[WhiteTeam "Starnberg SC"]
[BlackTeam "Grafenau"]
[WhiteTeamCountry "GER"]
[BlackTeamCountry "GER"]

1. d4 Nf6 2. Bf4 g6 3. Nc3 d5 4. Nf3 Bg7 5. Qd2 0-0 6. Bh6 Nc6 7. Bxg7 Kxg7 8. e3 Re8 9. 0-0-0 Bf5 10. Nh4 Bd7 11. f4 Ne4 12. Nxe4 dxe4 13. d5 Nb8 14. Qd4+ Kg8 15. Qxe4 c6 16. Nf3 Bf5 17. Qd4 c5 18. Qxc5 Nd7 19. Qd4 Rc8 20. Bd3 Nc5 21. e4 Bg4 22. h3 Bxf3 23. gxf3 Qa5 24. Kb1 Na4 25. Bc4 b5 26. Bb3 Rc4 27. Qe5 Rec8 28. Qxe7 Rb4 29. d6 Rxb3 30. axb3 Nxb2 31. d7 1-0

[Event "Hradec Kralove op 7th"]
[Site "Hradec Kralove"]
[Date "2016.10.04"]
[Round "5"]
[White "Wolf, Andreas"]
[Black "Bengherabi, Khalil"]
[Result "0-1"]
[WhiteElo "2043"]
[BlackElo "2245"]
[PlyCount "98"]
[EventDate "2016.10.01"]
[EventType "swiss"]
[EventRounds "9"]
[EventCountry "CZE"]
[SourceTitle "EXT 2017"]
[Source "ChessBase"]
[SourceDate "2016.10.25"]
[SourceVersion "1"]
[SourceVersionDate "2016.10.25"]
[SourceQuality "1"]

1. d4 Nf6 2. c4 e6 3. g3 d5 4. Bg2 Be7 5. Nf3 0-0 6. 0-0 c6 7. Qc2 Nbd7 8. Rd1 b6 9. Nbd2 Ba6 10. b3 Rc8 11. e4 c5 12. exd5 exd5 13. dxc5 Bxc5 14. Bh3 Rc7 15. Bb2 Re8 16. Re1 dxc4 17. bxc4 Bb7 18. Ng5 Rxe1+ 19. Rxe1 Nf8 20. Nde4 Nxe4 21. Nxe4 Re7 22. Qc3 f6 23. Nxc5 bxc5 24. Bg2 Bxg2 25. Kxg2 Ne6 26. Bc1 Nd4 27. Rxe7 Qxe7 28. Qe3 Kf7 29. Qxe7+ Kxe7 30. Be3 Kd6 31. f3 Nc2 32. Bf4+ Kc6 33. Bc1 Nb4 34. a3 Nd3 35. Bd2 Nb2 36. Kf2 Nxc4 37. Bc1 Kb5 38. Ke2 Ka4 39. h4 Nxa3 40. Kd3 Kb3 41. g4 a5 42. Bxa3 Kxa3 43. Kc3 g5 44. h5 h6 45. Kc4 Kb2 46. Kxc5 a4 47. Kd6 a3 48. Ke6 a2 49. Kxf6 a1Q 0-1

[Event "Liberec op 15th"]
[Site "Liberec"]
[Date "2015.02.17"]
[Round "5"]
[White "Roeder, Mathias"]
[Black "Wolf, Andreas"]
[Result "1-0"]
[WhiteElo "2414"]
[BlackElo "2035"]
[PlyCount "87"]
[EventDate "2015.02.14"]
[EventType "swiss"]
[EventRounds "9"]
[EventCountry "CZE"]
[SourceTitle "CBM 164 Extra"]
[Source "ChessBase"]
[SourceDate "2015.03.02"]
[SourceVersion "1"]
[SourceVersionDate "2015.03.02"]
[SourceQuality "1"]

1. c4 c5 2. Nf3 Nc6 3. d4 cxd4 4. Nxd4 Qb6 5. Nb3 e6 6. Nc3 Nf6 7. a3 d6 8. e4 Be7 9. Be3 Qc7 10. Be2 0-0 11. 0-0 a6 12. Rc1 Qb8 13. f4 b6 14. Bf3 e5 15. Nd5 Bd8 16. f5 Nd7 17. Nd2 Nd4 18. Bg4 Nf6 19. Nxf6+ Bxf6 20. Nf3 Bb7 21. Nxd4 exd4 22. Bxd4 Bxe4 23. Bxf6 gxf6 24. Qd4 d5 25. Qxf6 Qd8 26. Qh6 f6 27. cxd5 Bxd5 28. Rfd1 Ra7 29. Rd3 Rd7 30. Rcd1 Qe7 31. Qe3 Qxe3+ 32. Rxe3 Bc6 33. Re6 Rxd1+ 34. Bxd1 Bb5 35. Rxb6 Kg7 36. Rd6 Rc8 37. Kf2 Rc5 38. g4 h5 39. h3 hxg4 40. hxg4 Rc4 41. Ke3 Rc5 42. a4 Re5+ 43. Kf4 Be2 44. g5 1-0

[Event "Hradec Kralove op"]
[Site "Hradec Kralove"]
[Date "2014.10.24"]
[Round "8"]
[White "Piankov, Evgenij"]
[Black "Wolf, Andreas"]
[Result "1-0"]
[WhiteElo "2278"]
[BlackElo "2014"]
[PlyCount "135"]
[EventDate "2014.10.18"]
[EventType "swiss"]
[EventRounds "9"]
[EventCountry "CZE"]
[SourceTitle "EXT 2015"]
[Source "ChessBase"]
[SourceDate "2014.11.20"]
[SourceVersion "1"]
[SourceVersionDate "2014.11.20"]
[SourceQuality "1"]

1. d4 c5 2. d5 d6 3. c4 g6 4. Nc3 Bg7 5. g3 e5 6. dxe6 fxe6 7. Bg2 Ne7 8. Nf3 0-0 9. 0-0 Nbc6 10. Ne4 Nf5 11. Rb1 Qc7 12. Bd2 Bd7 13. Bc3 Ncd4 14. Nfd2 Rad8 15. e3 Nc6 16. Bxg7 Kxg7 17. Qc2 Ne5 18. Qc3 Kg8 19. Ng5 Nf7 20. Nxf7 Rxf7 21. Ne4 Bc6 22. Rbd1 Bxe4 23. Bxe4 Ne7 24. Qb3 Nc6 25. Rd2 Ne5 26. f4 Nc6 27. Rfd1 Rfd7 28. Bg2 Kf7 29. a3 Ne7 30. Bh3 Nf5 31. Bg2 Ne7 32. Be4 Rf8 33. Qc2 Rfd8 34. Bf3 Nf5 35. Qe4 Re8 36. Bg4 Ke7 37. Rd3 Kf7 38. Qg2 Kg7 39. Bf3 Red8 40. Rb3 Rb8 41. Be4 Ne7 42. Rbd3 Rbd8 43. Qh3 Nf5 44. Qg2 Ne7 45. Bf3 Nf5 46. Bg4 Re8 47. Qe4 Kf7 48. Bh3 Rg8 49. Bxf5 gxf5 50. Qf3 Ke7 51. e4 fxe4 52. Qxe4 Kf6 53. f5 e5 54. Qh4+ Kg7 55. Qg5+ Kf7 56. Qh6 Rg7 57. Qe6+ Kf8 58. Rxd6 Rxd6 59. Rxd6 Re7 60. Qd5 Qa5 61. Rd8+ Re8 62. Qd6+ Kf7 63. Rd7+ Kg8 64. Qd1 Kh8 65. f6 Rf8 66. Qg4 Qe1+ 67. Kg2 Rg8 68. Rxh7+ 1-0

[Event "Dresden ZMD op-B 23rd"]
[Site "Dresden"]
[Date "2014.08.18"]
[Round "4"]
[White "Wong, Gengchun"]
[Black "Wolf, Andreas"]
[Result "1/2-1/2"]
[WhiteElo "1758"]
[BlackElo "2008"]
[PlyCount "72"]
[EventDate "2014.08.15"]
[EventType "swiss"]
[EventRounds "9"]
[EventCountry "GER"]
[SourceTitle "EXT 2024"]
[Source "ChessBase"]
[SourceDate "2023.10.10"]
[SourceVersion "1"]
[SourceVersionDate "2023.10.10"]
[SourceQuality "1"]

1. e4 c5 2. Nf3 e6 3. d4 cxd4 4. Nxd4 Nf6 5. Nc3 d6 6. Bg5 a6 7. f4 Qc7 8. Bxf6 gxf6 9. Qh5 Qc5 10. Qxc5 dxc5 11. Nb3 Nc6 12. a4 Nd4 13. 0-0-0 Nxb3+ 14. cxb3 Bd7 15. Be2 0-0-0 16. Bh5 Bh6 17. g3 Rhf8 18. Rd3 Bc6 19. Rhd1 Rxd3 20. Rxd3 b5 21. axb5 axb5 22. Rd1 Kc7 23. Be2 Rb8 24. Bh5 Rf8 25. Be2 Rb8 26. Bh5 e5 27. Kc2 exf4 28. Nd5+ Bxd5 29. Rxd5 fxg3 30. hxg3 Be3 31. Bxf7 Rd8 32. Rh5 Rd2+ 33. Kb1 h6 34. b4 Bd4 35. b3 Rb2+ 36. Kc1 Rg2 1/2-1/2

[Event "Leutersdorf Sparkasse op 15th"]
[Site "Leutersdorf"]
[Date "2011.02.20"]
[Round "5"]
[White "Wolf, Andreas"]
[Black "Gross, Thomas"]
[Result "1/2-1/2"]
[WhiteElo "1945"]
[BlackElo "2014"]
[PlyCount "81"]
[EventDate "2011.02.18"]
[EventType "swiss"]
[EventRounds "7"]
[EventCountry "GER"]
[SourceTitle "CBM 141 Extra"]
[Source "ChessBase"]
[SourceDate "2011.05.03"]
[SourceVersion "1"]
[SourceVersionDate "2011.05.03"]
[SourceQuality "1"]

1. d4 e6 2. c4 d5 3. Nf3 Nf6 4. g3 c6 5. Bg2 Be7 6. Qc2 Nbd7 7. 0-0 0-0 8. Rd1 Ne4 9. Nc3 f5 10. a4 Ndf6 11. Ne5 Qe8 12. f3 Nd6 13. e4 Nxc4 14. Nxc4 dxc4 15. Qe2 b5 16. axb5 cxb5 17. exf5 a5 18. fxe6 Ra6 19. d5 Bc5+ 20. Be3 Bxe3+ 21. Qxe3 Bxe6 22. dxe6 Rxe6 23. Qd4 a4 24. Ne4 Nxe4 25. fxe4 Re5 26. Rf1 Rxf1+ 27. Rxf1 h6 28. Rf5 Rxf5 29. exf5 a3 30. Bd5+ Kh8 31. bxa3 Qe1+ 32. Kg2 Qe2+ 33. Qf2 Qd3 34. Qf3 Qd2+ 35. Kh3 Qg5 36. Qe4 Qd8 37. Bxc4 bxc4 38. Qxc4 Qg5 39. Qe4 Qc1 40. Qf3 Qc8 41. g4 1/2-1/2

[Event "Leutersdorf Sparkasse op 15th"]
[Site "Leutersdorf"]
[Date "2011.02.20"]
[Round "7"]
[White "Wolf, Andreas"]
[Black "Zimmermann, Rene"]
[Result "0-1"]
[WhiteElo "1945"]
[BlackElo "2115"]
[PlyCount "86"]
[EventDate "2011.02.18"]
[EventType "swiss"]
[EventRounds "7"]
[EventCountry "GER"]
[SourceTitle "CBM 141 Extra"]
[Source "ChessBase"]
[SourceDate "2011.05.03"]
[SourceVersion "1"]
[SourceVersionDate "2011.05.03"]
[SourceQuality "1"]

1. d4 d5 2. c4 e6 3. g3 c6 4. Bg2 Bd6 5. Nc3 Nd7 6. Nh3 Ne7 7. 0-0 0-0 8. Bf4 Bxf4 9. Nxf4 dxc4 10. e4 e5 11. Nfe2 exd4 12. Qxd4 Nb6 13. Qc5 Ng6 14. Rfd1 Qf6 15. f4 Bg4 16. Qf2 Rad8 17. h3 Bxe2 18. Qxe2 Rxd1+ 19. Rxd1 Rd8 20. a4 Rxd1+ 21. Qxd1 Qe7 22. e5 h6 23. Ne4 Nd5 24. Qd2 f6 25. Nd6 Qe6 26. Nxc4 Ndxf4 27. gxf4 Qxc4 28. exf6 gxf6 29. f5 Qc5+ 30. Qf2 Qxf2+ 31. Kxf2 Ne5 32. Bf1 Kf8 33. Kg3 a6 34. Kh4 b5 35. Kh5 Kg7 36. Be2 Nd7 37. Bf3 Nb6 38. axb5 cxb5 39. b4 Nc4 40. Bc6 Ne3 41. Be4 Nc4 42. Bc6 Kh7 43. Kg4 Ne5+ 0-1

[Event "Leutersdorf Sparkasse op 15th"]
[Site "Leutersdorf"]
[Date "2011.02.19"]
[Round "4"]
[White "Gutsche, Klemens"]
[Black "Wolf, Andreas"]
[Result "0-1"]
[WhiteElo "1720"]
[BlackElo "1945"]
[PlyCount "86"]
[EventDate "2011.02.18"]
[EventType "swiss"]
[EventRounds "7"]
[EventCountry "GER"]
[SourceTitle "CBM 141 Extra"]
[Source "ChessBase"]
[SourceDate "2011.05.03"]
[SourceVersion "1"]
[SourceVersionDate "2011.05.03"]
[SourceQuality "1"]

1. Nf3 Nf6 2. c4 e6 3. g3 d5 4. cxd5 Nxd5 5. Bg2 c5 6. Nc3 Nc6 7. 0-0 Be7 8. a3 0-0 9. Re1 b6 10. d3 Nxc3 11. bxc3 Bb7 12. Qc2 Rc8 13. Be3 Qc7 14. Nd2 Nd4 15. Qb2 Nf5 16. Bxb7 Qxb7 17. Nf1 Bf6 18. Rab1 Rfd8 19. a4 Qc6 20. Bd2 g6 21. Qb5 Ne7 22. Rec1 Rc7 23. Ne3 h5 24. h3 e5 25. f3 Qe6 26. Kh2 Bg5 27. Nf1 Bxd2 28. Nxd2 h4 29. Qc4 hxg3+ 30. Kg2 Nd5 31. Kxg3 Kg7 32. Rh1 Qf6 33. Kf2 Qg5 34. Nf1 Nf4 35. Ng3 Rh8 36. h4 Rxh4 37. Rxh4 Qxh4 38. Rh1 Nh3+ 39. Kg2 Qxc4 40. dxc4 Nf4+ 41. Kf2 Rd7 42. Ke3 f5 43. a5 Ne6 0-1

[Event "Niederbayernliga 1011"]
[Site "Germany"]
[Date "2011.02.06"]
[Round "6.1"]
[White "Heyne, Martin"]
[Black "Wolf, Andreas"]
[Result "1-0"]
[WhiteElo "2089"]
[BlackElo "1954"]
[PlyCount "57"]
[EventDate "2010.10.10"]
[EventType "team-tourn"]
[EventRounds "9"]
[EventCountry "GER"]
[SourceTitle "EXT 2012"]
[Source "ChessBase"]
[SourceDate "2011.11.24"]
[SourceVersion "1"]
[SourceVersionDate "2011.11.24"]
[SourceQuality "1"]
[WhiteTeam "Schaibing"]
[BlackTeam "Grafenau"]
[WhiteTeamCountry "GER"]
[BlackTeamCountry "GER"]

1. d4 Nf6 2. Nf3 g6 3. g3 Bg7 4. Bg2 0-0 5. 0-0 d5 6. c4 e6 7. Nc3 c6 8. Qd3 Nbd7 9. e4 Nb6 10. b3 dxe4 11. Nxe4 Nxe4 12. Qxe4 c5 13. Bg5 Qe8 14. Rad1 cxd4 15. Nxd4 a6 16. Be3 Nd7 17. f4 e5 18. fxe5 Qxe5 19. Qxe5 Nxe5 20. Bf4 a5 21. Nb5 f6 22. Nd6 Rb8 23. Bd5+ Kh8 24. Bxe5 fxe5 25. Nf7+ Rxf7 26. Rxf7 b6 27. Ra7 Bg4 28. Rf1 Bh3 29. Rff7 1-0

[Event "Niederbayernliga 0910"]
[Site "Germany"]
[Date "2010.02.28"]
[Round "7.3"]
[White "Fruehauf, Norbert"]
[Black "Wolf, Andreas"]
[Result "1-0"]
[WhiteElo "1967"]
[BlackElo "1962"]
[PlyCount "123"]
[EventDate "2009.10.18"]
[EventType "team-tourn"]
[EventRounds "9"]
[EventCountry "GER"]
[SourceTitle "EXT 2011"]
[Source "ChessBase"]
[SourceDate "2010.11.26"]
[SourceVersion "1"]
[SourceVersionDate "2010.11.26"]
[SourceQuality "1"]
[WhiteTeam "Simbach"]
[BlackTeam "Grafenau"]
[WhiteTeamCountry "GER"]
[BlackTeamCountry "GER"]

1. e4 c6 2. d4 d5 3. Nc3 dxe4 4. Nxe4 Nf6 5. Nxf6+ gxf6 6. c3 Bf5 7. Bd3 Bg6 8. Ne2 e6 9. Bf4 Bd6 10. h4 Bxf4 11. Nxf4 Qc7 12. Nxg6 hxg6 13. Qf3 Nd7 14. 0-0-0 0-0-0 15. Kb1 f5 16. Qe3 Nf6 17. d5 Nxd5 18. Qxa7 Qb6 19. Qxb6 Nxb6 20. Kc2 Nd5 21. Bc4 Nf6 22. Rxd8+ Kxd8 23. f4 Kc7 24. Be2 Nd5 25. g3 Nf6 26. Bf3 Rd8 27. Re1 Ra8 28. a3 Kd6 29. Rd1+ Ke7 30. c4 Ne4 31. Bxe4 fxe4 32. Rd4 f5 33. c5 Ra5 34. Rc4 e5 35. fxe5 Ke6 36. Kd2 Kxe5 37. Ke3 Kd5 38. Rd4+ Ke5 39. Rd7 Rxc5 40. Re7+ Kf6 41. Rxb7 Rc2 42. Kd4 Rd2+ 43. Kc4 Rd6 44. Rb3 Re6 45. Kd4 c5+ 46. Ke3 Ke5 47. Rc3 Kd5 48. b3 Ra6 49. a4 Rb6 50. Ke2 Rb4 51. Ke3 Ke5 52. Rxc5+ Kd6 53. Rb5 Rxb5 54. axb5 Kc5 55. b6 Kxb6 56. g4 fxg4 57. Kxe4 g3 58. Kf3 g2 59. Kxg2 Kc5 60. Kf3 Kb4 61. Kf4 Kxb3 62. Kg5 1-0